01017 a2200169 45000010006000000050017000060080041000230030015000640400040000790800074001192450039001930200018002322640044002505050531002940410008008251000014008335431520260407155815.0260407a arg spa d AR-UNSa-BCEJYS aAR-UNSa-BCEJYSbspacAR-UNSa-BCEJYS a658.115xEmpresas públicas, estatales y nacionalizadas (Economía)10aEconomía de la empresa pública a84-7196-261-1 1aMadrid :bInstituto de Estudio Fiscales a1. Los objetivos de la empresa pública - 2. El sistema de control de la empresa pública - 3. Economía del bienestar y política de empresa pública - 4. Determinación de precios al coste marginal y equilibrio parcial - 5. Determinación de precios al coste marginal en la práctica - 6. Algunos problemas de la segunda preferencia - 7. Rentabilidad,imposición y distribución de renta - 8. El coste de capital de la empresa pública - 9. Determinación de precios e inversión en condiciones de incertidumbre aspa1 aRees, Ray